000 00746nam a2200253Ia 4500
005 20260601193234.0
008 260601s9999||||xx |||||||||||||| ||und||
020 _a978-3-031-44412-8
_qebk
100 _aEric Bodden
245 0 _aErnst Denert Award for Software Engineering 2022
250 _a2024
260 _aHeidelberg, Germany
_bSpringer Nature
_c2024
650 _aComputer Science
700 _aBernhard Rumpe
700 _aCarola Lilienthal
700 _aFlorian Matthes
700 _aHeiko Koziolek
700 _aLutz Prechelt
700 _aMichael Felderer
700 _aPaula Herber
700 _aWilhelm Hasselbring
856 _uhttps://link.springer.com/openurl?genre=book&isbn=978-3-031-44412-8
942 _cEB
_2ddc
999 _c56188
_d56188